Fr. Conceicao Rodrigues College of Engineering

Advanced Engg. Mathematics (Record no. 30476)

MARC details
000 -LEADER
fixed length control field 00297nam a2200133Ia 4500
100 ## - MAIN ENTRY--PERSONAL NAME
Personal name Kreyszig/E.
245 ## - TITLE STATEMENT
Title Advanced Engg. Mathematics
260 ## - PUBLICATION, DISTRIBUTION, ETC.
Name of publisher, distributor, etc. Wiley eastern
Place of publication, distribution, etc. NEW DELHI
Date of publication, distribution, etc. 1975
300 ## - PHYSICAL DESCRIPTION
Extent 898
546 ## - LANGUAGE NOTE
Language note ENGLISH
654 ## - SUBJECT ADDED ENTRY--FACETED TOPICAL TERMS
Focus term Advanced Engg.Mathematics
942 ## - ADDED ENTRY ELEMENTS (KOHA)
Koha item type BOOK
Holdings
Withdrawn status Lost status Damaged status Not for loan Collection Home library Current library Date acquired Total Checkouts Full call number Barcode Date last seen Price effective from Koha item type
        AFT Fr. Agnel's C.Rodrigues College of Engineering Fr. Agnel's C.Rodrigues College of Engineering 17/03/2023   AFT6896 17/03/2023 17/03/2023 BOOK